Veronese

Saved in:
Bibliographic Details
Main Author: Orliac, Antoine (Author)
Format: Book
Language:English
Published: Londres William Heinemann 1940
Subjects:
Tags: Add Tag
No Tags, Be the first to tag this record!

MARC

LEADER 00000nam a2200000 a 4500
001 UCZ4045
003 CL-VaPUC
008 951106e19400000UK |||||||||||||||||eng|d
082 0 4 |a 759.03  |b ORL  |2 21 
100 0 |a Orliac, Antoine  |e author  |9 347923 
245 1 0 |a Veronese 
300 |a 167 p 
942 |c BK 
945 |d 19951106 00:00:00  |a rbrito 
260 |a Londres  |b William Heinemann  |c 1940 
600 0 7 |a VERONES  |2 CL-VaPUC  |9 347924 
600 0 7 |a CALIARI, PAOLO  |2 CL-VaPUC  |9 342331 
650 0 |a Pintura italiana  |9 265293 
650 0 |a Pintores italianos  |9 265277 
650 0 |a Crítica e interpretación   |9 255042 
583 |a last modification  |c 19951106 00:00:00  |k Rodrigo Vera 
999 |c 240482  |d 240480 
952 |0 0  |1 0  |4 0  |6 759_030000000000000_ORL_1940  |7 0  |8 P  |9 252367  |a BIBARQ  |b BIBARQ  |d 2019-11-18  |i 3142574  |o 759.03 ORL 1940  |p 3142574  |r 2025-01-20  |w 2019-11-18  |y BK  |k ARQ